000 00859nam a22001937a 4500
999 _c9641
_d9641
003 AR-CdUCM
008 190328b ||||| |||| 00| 0 spa d
040 _aMUNICIPALIDAD PROVINCIAL DEL CUSCO
_cBIBLIOTECA MUNICIPAL DEL CUSCO
082 _a468.3 /
_bR17 / 1943
100 _aRagucci, Rodolfo
_915947
245 _aMás cartas a Eulogio :
_bvarios centenares de viajes y nuevos problemas idiomáticos /
260 _aBuenos Aires :
_bSociedad Internacional,
_c1943.
300 _a427 páginas ;
_c20 cm.
505 _aContenido : Voces biformes y letras finales exóticas -- La ortología en la botánica -- El idioma en la zoología -- El gentilicio de Santa Fe -- Hurgando en el lenguaje químico -- Por los dominios de la física ...
650 _aLengua española
_91124
650 _aModismos
_925979
942 _2ddc
_cLIBROS
945 _apjha
_d2019-05-13